000
00257nam a2200097Ia 4500
001
648487
005
20250826153723.0
008
250824s9999 xx 000 0 und d
245
0
_a
YASAK ŞEHİR HAZİN GÖÇ
_c
AHMET YILMAZ BOYUNAĞA
260
_b
GENÇ TİMAŞ
999
_c
648487
_d
648487